International Arbitration in Theory & Practice/ (Record no. 36213)
[ view plain ]
| 000 -LEADER | |
|---|---|
| fixed length control field | 00467nam a22001577a 4500 |
| 005 - DATE AND TIME OF LATEST TRANSACTION | |
| control field | 20240725105228.0 |
| 008 - FIXED-LENGTH DATA ELEMENTS--GENERAL INFORMATION | |
| fixed length control field | 240725b |||||||| |||| 00| 0 eng d |
| 082 ## - DEWEY DECIMAL CLASSIFICATION NUMBER | |
| Classification number | 341.522 |
| Item number | AHS-I |
| 100 ## - MAIN ENTRY--AUTHOR | |
| Author Name | Ahsen Chaudhri, Muhammad |
| 245 ## - TITLE STATEMENT | |
| Title | International Arbitration in Theory & Practice/ |
| Statement of responsibility, etc. | Muhammad Ahsen Chaudhri |
| 260 ## - PUBLICATION, DISTRIBUTION, ETC. | |
| Place of Publication | Karachi; |
| Name of publisher, distributor, etc. | Royal Book Company; |
| Date of publication, distribution, etc. | 1993 |
| 300 ## - PHYSICAL DESCRIPTION | |
| Pages | vii, 154 p.: |
| 650 ## - SUBJECT ADDED ENTRY--TOPICAL TERM | |
| Subject / Department | Social Sciences/Law |
| 300 ## - PHYSICAL DESCRIPTION | |
| -- | ill; |
| -- | 23 cm. |
| 952 ## - LOCATION AND ITEM INFORMATION (KOHA) | |
| -- | 0 |
| -- | 0 |
| Lost status | Damaged status | Collection code | Permanent Location | Current Location | Shelving Location | Date acquired | Full Call Number | Accession No./Barcode | Date last seen | item type | Koha item type |
|---|---|---|---|---|---|---|---|---|---|---|---|
| Economics/Commerce | Superior Information Resource Center (SIRC) Superior University - City Campus | Superior Information Resource Center (SIRC) Superior University - City Campus | Economics | 07/25/2024 | 341.5 AHS-I 1993 | 2483 | 07/25/2024 | BOOK | BOOK |
